[Event "Ste-Foy 4"]
[Site "Quebec CAN"]
[Date "2023.04.03"]
[Round "2"]
[White "Giguere, Marc"]
[Black "Gonthier, Madeleine"]
[Result "0-1"]
[WhiteElo "950"]
[BlackElo "1208"]
[PlyCount "52"]
[EventDate "2023.03.27"]
[EventType "swiss"]
[EventRounds "5"]
[EventCountry "CAN"]

1. d4 d5 2. c3 Bf5 3. Nd2 c5 4. Ngf3 f6 5. dxc5 e5 6. e3 Bxc5 7. Nh4 Be6 8. e4
Ne7 9. exd5 Bxd5 10. c4 Bc6 11. Bd3 Qxd3 12. Qf3 Bxf3 13. gxf3 Qd4 14. f4 Qxf2+
15. Kd1 Qxh4 16. Nb3 Bb4 17. fxe5 Qg4+ 18. Kc2 Qe4+ 19. Kd1 Qxh1+ 20. Kc2 Qe4+
21. Kd1 Nf5 22. Bd2 Bxd2 23. Kxd2 O-O 24. Rc1 Rd8+ 25. Kc3 Nc6 26. exf6 Qd3#
0-1

[Event "Ste-Foy 4"]
[Site "Quebec CAN"]
[Date "2023.04.03"]
[Round "2"]
[White "Laflamme, Simon"]
[Black "Laurendeau, Alfred"]
[Result "1-0"]
[WhiteElo "1902"]
[BlackElo "1536"]
[PlyCount "67"]
[EventDate "2023.03.27"]
[EventType "swiss"]
[EventRounds "5"]
[EventCountry "CAN"]

1. d4 g6 2. e4 Bg7 3. Nf3 d6 4. c3 Nd7 5. Bc4 e6 6. Be3 b6 7. Nbd2 Bb7 8. Qe2
a6 9. a4 Ne7 10. O-O h6 11. h3 O-O 12. Nh2 d5 13. Bd3 dxe4 14. Bc4 Nd5 15. f3
Nxe3 16. Qxe3 exf3 17. Nhxf3 Kh7 18. Rae1 c5 19. Ne4 cxd4 20. Nxd4 Bxe4 21.
Qxe4 Nc5 22. Qe3 Bxd4 23. cxd4 Nxa4 24. b3 b5 25. Bd3 Nb6 26. Qe5 Qd5 27. Qg3
Qxd4+ 28. Kh1 Qg7 29. h4 h5 30. Qg5 Kg8 31. Rf6 Nd5 32. Rexe6 fxe6 33. Rxg6 Rf7
34. Qxh5 1-0

[Event "Ste-Foy 4"]
[Site "Quebec CAN"]
[Date "2023.04.03"]
[Round "2"]
[White "Lafontaine, Philippe"]
[Black "Pilon, Emile"]
[Result "0-1"]
[WhiteElo "1116"]
[BlackElo "1316"]
[PlyCount "100"]
[EventDate "2023.03.27"]
[EventType "swiss"]
[EventRounds "5"]
[EventCountry "CAN"]

1. d4 Nf6 2. c4 d5 3. cxd5 Qxd5 4. Nc3 Qd6 5. Nf3 b6 6. e3 Bb7 7. Be2 e6 8. Qc2
Nbd7 9. Bd2 e5 10. dxe5 Nxe5 11. Nxe5 Qxe5 12. Bf3 Bxf3 13. gxf3 Qh5 14. Qa4+
Nd7 15. Qe4+ Ne5 16. Qxa8+ Kd7 17. Qd5+ Bd6 18. O-O-O c6 19. Qe4 Qg6 20. Qxg6
fxg6 21. Kb1 Nxf3 22. Ne4 Bxh2 23. Bc3+ Kc7 24. Bxg7 Re8 25. Nf6 Re7 26. Bf8
Rf7 27. Ng4 Rxf8 28. Nxh2 Ng5 29. Rhg1 Ne4 30. f4 Re8 31. Ng4 c5 32. Ne5 Nf6
33. Rd2 Kb7 34. Rd6 Rf8 35. Rgd1 Ka6 36. R1d3 Ne4 37. Rd7 Rc8 38. Rxh7 c4 39.
Ra3+ Kb5 40. Raxa7 c3 41. Rac7 Rd8 42. Rhd7 Rh8 43. bxc3 Rh2 44. c4+ Kb4 45.
Ka1 Kc3 46. Rd3+ Kc2 47. a4 Nc3 48. Rxc3+ Kxc3 49. Rc6 b5 50. cxb5+ Kb3 0-1

[Event "Ste-Foy 4"]
[Site "Quebec CAN"]
[Date "2023.04.03"]
[Round "2"]
[White "Mercure, Gilbert"]
[Black "Warren, Alexandre"]
[Result "1-0"]
[WhiteElo "1775"]
[BlackElo "1365"]
[PlyCount "97"]
[EventDate "2023.03.27"]
[EventType "swiss"]
[EventRounds "5"]
[EventCountry "CAN"]

1. e4 c6 2. d4 d5 3. e5 c5 4. Bb5+ Nc6 5. Nc3 e6 6. Nf3 a6 7. Bxc6+ bxc6 8. O-O
cxd4 9. Qxd4 c5 10. Qg4 h5 11. Qg3 Nh6 12. Bg5 Qb6 13. Nh4 Bd7 14. Rab1 g6 15.
h3 Bg7 16. Bf6 O-O 17. Nxg6 fxg6 18. Qxg6 Rf7 19. Bxg7 Rxg7 20. Qxh6 Rf8 21.
Nxd5 Qc6 22. Ne3 Rf3 23. g3 Rfxg3+ 24. fxg3 Rxg3+ 25. Kf2 Qf3+ 26. Ke1 Qxe3+
27. Qxe3 Rxe3+ 28. Kd2 Rxh3 29. Rh1 Rf3 30. Rbg1+ Kf7 31. Rf1 Rxf1 32. Rxf1+
Kg6 33. Ke3 Kg5 34. Rf6 Kg4 35. c3 h4 36. b4 cxb4 37. cxb4 h3 38. Rh6 Kg3 39.
Rg6+ Kh2 40. Kd4 Bc6 41. Rxe6 Bg2 42. Rxa6 Kg1 43. Rh6 h2 44. a4 h1=Q 45. Rxh1+
Bxh1 46. e6 Bc6 47. b5 Be8 48. Kc5 Kf2 49. b6 1-0

[Event "Ste-Foy 4"]
[Site "Quebec CAN"]
[Date "2023.04.03"]
[Round "2"]
[White "Potvin, Alain-Nicolas"]
[Black "Servant, Michel"]
[Result "1/2-1/2"]
[WhiteElo "1716"]
[BlackElo "1725"]
[PlyCount "90"]
[EventDate "2023.03.27"]
[EventType "swiss"]
[EventRounds "5"]
[EventCountry "CAN"]

1. Nf3 Nf6 2. d4 d5 3. e3 c6 4. c4 e6 5. Nbd2 Nbd7 6. Bd3 b6 7. O-O Bb7 8. b3
Be7 9. Bb2 O-O 10. Rc1 Rc8 11. Ne5 a6 12. Qf3 Bb4 13. Rfd1 c5 14. Qh3 Bxd2 15.
Rxd2 Ne4 16. f3 Nxe5 17. dxe5 Ng5 18. Qg4 h6 19. h4 Nh7 20. Rcd1 Qe7 21. cxd5
Bxd5 22. a4 Qb7 23. Bc2 c4 24. bxc4 Rxc4 25. Bxh7+ Kxh7 26. Rd4 Rc2 27. Ba3
Rfc8 28. Bd6 Re2 29. e4 Bb3 30. R1d2 Rxd2 31. Rxd2 Qc6 32. Qf4 Qc1+ 33. Kh2 Rc2
34. Bb4 a5 35. Qxf7 Rxd2 36. Bf8 Rxg2+ 37. Kxg2 Qb2+ 38. Kh3 Qxe5 39. Kg4 Qf6
40. Qxf6 gxf6 41. Be7 Bxa4 42. Bxf6 b5 43. Bd8 b4 44. Bxa5 b3 45. Bc3 Kg6
1/2-1/2

[Event "Ste-Foy 4"]
[Site "Quebec CAN"]
[Date "2023.04.03"]
[Round "2"]
[White "Soucy, Mathieu"]
[Black "Pepin, Pierre-Luc"]
[Result "0-1"]
[WhiteElo "1054"]
[BlackElo "1251"]
[PlyCount "137"]
[EventDate "2023.03.27"]
[EventType "swiss"]
[EventRounds "5"]
[EventCountry "CAN"]

1. d4 c5 2. d5 d6 3. e4 g6 4. c4 Nf6 5. Nc3 Nbd7 6. Nf3 Bg7 7. Be3 Ng4 8. Bg5
O-O 9. Qd2 Nge5 10. Nxe5 Nxe5 11. Be2 Bg4 12. Bxg4 Nxg4 13. h3 Ne5 14. b3 Re8
15. Bh6 Bf6 16. Bg5 Bxg5 17. Qxg5 Nd3+ 18. Ke2 Ne5 19. f4 Nd7 20. Rhf1 e5 21.
Qg3 exf4 22. Rxf4 Nf6 23. Qf3 Kg7 24. Rf1 Nd7 25. Rxf7+ Kg8 26. Qe3 Re7 27.
R7f4 Re5 28. Nb5 Qg5 29. Qf3 Qe7 30. Nc7 g5 31. Rg4 Rc8 32. Ne6 h5 33. Qf7+
Qxf7 34. Rxf7 Kxf7 35. Nxg5+ Kf6 36. Nh7+ Ke7 37. Rg7+ Kd8 38. Ng5 Nf6 39. Nf7+
Ke8 40. Nxe5 dxe5 41. Rg5 Rc7 42. Rf5 Nxe4 43. Rxe5+ Re7 44. Rxe7+ Kxe7 45. Ke3
Nd6 46. Kf4 Ne8 47. Ke5 Nf6 48. a3 Ne8 49. g4 hxg4 50. hxg4 Kf7 51. g5 Ng7 52.
d6 Nh5 53. g6+ Ke8 54. b4 cxb4 55. axb4 Kd7 56. c5 Ng7 57. Kf6 Nh5+ 58. Kg5 Ng7
59. Kf6 Ne8+ 60. Kf7 Kd8 61. b5 a5 62. g7 Nxg7 63. Kxg7 Kd7 64. Kf6 a4 65. Ke5
a3 66. c6+ bxc6 67. b6 a2 68. b7 a1=Q+ 69. Kf5 0-1

[Event "Ste-Foy 4"]
[Site "Quebec CAN"]
[Date "2023.04.17"]
[Round "3"]
[White "Belanger, Mathieu-Olivier"]
[Black "Mercure, Gilbert"]
[Result "1-0"]
[WhiteElo "1993"]
[BlackElo "1775"]
[PlyCount "79"]
[EventDate "2023.03.27"]
[EventType "swiss"]
[EventRounds "5"]
[EventCountry "CAN"]

1. e4 d5 2. exd5 Nf6 3. Bb5+ Nbd7 4. Nf3 Nxd5 5. d4 a6 6. Be2 e6 7. O-O b5 8.
a4 bxa4 9. c4 N5b6 10. c5 Nd5 11. Qxa4 Be7 12. Ne5 O-O 13. Nc6 Qe8 14. Bf3 N7f6
15. b3 Bd7 16. Nxe7+ Nxe7 17. Qa5 Ned5 18. Bg5 c6 19. Nc3 Qb8 20. Bxf6 gxf6 21.
Bxd5 exd5 22. Na4 Bf5 23. Nb6 Ra7 24. Qd2 Re8 25. Rfe1 Re6 26. Re3 Bg6 27. Rg3
Rae7 28. h4 h5 29. Rxa6 Kg7 30. Ra8 Qc7 31. Rc8 Qa7 32. Kh2 Qa6 33. Qf4 Rb7 34.
Ra8 Ra7 35. Rd8 Qf1 36. Qb8 f5 37. Rg8+ Kf6 38. Qxa7 f4 39. R3xg6+ fxg6 40.
Rf8# 1-0

[Event "Ste-Foy 4"]
[Site "Quebec CAN"]
[Date "2023.04.17"]
[Round "3"]
[White "De Coster, Vincent"]
[Black "Bergeron, Nicolas"]
[Result "0-1"]
[WhiteElo "1020"]
[BlackElo "1190"]
[PlyCount "40"]
[EventDate "2023.03.27"]
[EventType "swiss"]
[EventRounds "5"]
[EventCountry "CAN"]

1. d4 d5 2. Bf4 c5 3. e3 Nc6 4. Nc3 a6 5. dxc5 e5 6. Bg3 Nf6 7. Nf3 Bg4 8. Be2
e4 9. Nd4 Bxe2 10. Qxe2 Bxc5 11. Qd2 O-O 12. O-O Qd7 13. Na4 Ba7 14. a3 Nxd4
15. b3 Nf5 16. Be5 Ng4 17. Bd4 Bxd4 18. exd4 Qd6 19. g3 Nh4 20. Qg5 Nf3+ 0-1

[Event "Ste-Foy 4"]
[Site "Quebec CAN"]
[Date "2023.04.17"]
[Round "3"]
[White "Gonthier, Madeleine"]
[Black "Fleury, Dominic"]
[Result "0-1"]
[WhiteElo "1208"]
[BlackElo "1400"]
[PlyCount "50"]
[EventDate "2023.03.27"]
[EventType "swiss"]
[EventRounds "5"]
[EventCountry "CAN"]

1. e4 c5 2. Nc3 Nc6 3. Bc4 Nf6 4. Qf3 Ne5 5. Qe2 Nxc4 6. Qxc4 e6 7. e5 d5 8.
exd6 Qxd6 9. Nb5 Qc6 10. Nf3 a6 11. Qa4 Qxb5 12. Qxb5+ axb5 13. O-O Bd6 14. d4
O-O 15. dxc5 Bxc5 16. Bf4 b6 17. Rfd1 Bb7 18. Ne5 Ra4 19. Nd7 Rxf4 20. Nxf8
Rxf2 21. Nd7 Rxg2+ 22. Kf1 Bf3 23. Nxc5 Nd5 24. Nd7 Ne3+ 25. Ke1 Re2# 0-1

[Event "Ste-Foy 4"]
[Site "Quebec CAN"]
[Date "2023.04.17"]
[Round "3"]
[White "Laflamme, Simon"]
[Black "Berube, Antoine"]
[Result "1/2-1/2"]
[WhiteElo "1902"]
[BlackElo "2175"]
[PlyCount "139"]
[EventDate "2023.03.27"]
[EventType "swiss"]
[EventRounds "5"]
[EventCountry "CAN"]

1. d4 d5 2. c4 e6 3. Nc3 c6 4. e4 dxe4 5. Nxe4 Bb4+ 6. Bd2 Qxd4 7. Bxb4 Qxe4+
8. Ne2 Nd7 9. Qd6 Qe5 10. O-O-O Qxd6 11. Bxd6 b6 12. Nd4 Bb7 13. Be2 e5 14. Nf5
O-O-O 15. Nxg7 c5 16. Bf3 Bxf3 17. gxf3 h5 18. Rhe1 Rh7 19. Nf5 f6 20. f4 Re8
21. fxe5 fxe5 22. f4 Rf7 23. Ng3 Rxf4 24. Nxh5 Rxc4+ 25. Kb1 Re6 26. Rg1 Nh6
27. Ng7 Rf6 28. Ne8 Rf2 29. Bxe5 Nxe5 30. Nd6+ Kc7 31. Nxc4 Nxc4 32. Rg7+ Nf7
33. h4 Kc6 34. h5 Rxb2+ 35. Ka1 Rf2 36. h6 Nxh6 37. Rg6+ Kb5 38. Rxh6 Na3 39.
Rh3 Nc2+ 40. Kb1 Nb4 41. a3 Nc6 42. Rc3 Nd4 43. Rdd3 a5 44. Rh3 a4 45. Rhd3 Nb3
46. Rh3 Na5 47. Rh4 Nc6 48. Rcc4 Rf1+ 49. Kb2 Rf2+ 50. Kb1 Rf1+ 51. Kb2 Nd4 52.
Rhxd4 cxd4 53. Rxd4 Rf2+ 54. Kb1 Rf5 55. Rb4+ Ka5 56. Kc2 Rf2+ 57. Kb1 Re2 58.
Ka1 Re5 59. Kb2 Rb5 60. Rxb5+ Kxb5 61. Kc3 Kc5 62. Kd3 Kd5 63. Kc3 Kc5 64. Kd3
b5 65. Kc3 Kc6 66. Kc2 Kd6 67. Kd2 Ke5 68. Kc3 Kd5 69. Kd3 Kc6 70. Kc2 1/2-1/2

[Event "Ste-Foy 4"]
[Site "Quebec CAN"]
[Date "2023.04.17"]
[Round "3"]
[White "Laurendeau, Alfred"]
[Black "Pepin, Pierre-Luc"]
[Result "1-0"]
[WhiteElo "1536"]
[BlackElo "1251"]
[PlyCount "57"]
[EventDate "2023.03.27"]
[EventType "swiss"]
[EventRounds "5"]
[EventCountry "CAN"]

1. d4 d5 2. c4 e6 3. Nc3 h6 4. Nf3 Nc6 5. Bf4 a6 6. e3 Nf6 7. Nd2 Bd6 8. Bxd6
Qxd6 9. Be2 O-O 10. O-O Bd7 11. c5 Qe7 12. f4 Qe8 13. Nf3 Bc8 14. Ne5 Nxe5 15.
fxe5 Nd7 16. Qd3 Qe7 17. e4 c6 18. Qg3 Kh7 19. Bd3 g6 20. Ne2 h5 21. Nf4 Rg8
22. Nh3 f5 23. exf6 Nxf6 24. Qg5 Rf8 25. e5 Ng8 26. Qxg6+ Kh8 27. Rxf8 Qg7 28.
Qxh5+ Qh6 29. Qxh6# 1-0

[Event "Ste-Foy 4"]
[Site "Quebec CAN"]
[Date "2023.04.17"]
[Round "3"]
[White "Lescarbeau, Martin"]
[Black "Warren, Alexandre"]
[Result "1-0"]
[WhiteElo "1850"]
[BlackElo "1365"]
[PlyCount "35"]
[EventDate "2023.03.27"]
[EventType "swiss"]
[EventRounds "5"]
[EventCountry "CAN"]

1. g4 d5 2. Bg2 c6 3. c4 Bxg4 4. Qb3 Qc7 5. cxd5 cxd5 6. Nc3 Bh5 7. Nxd5 Qc8 8.
Nf4 Nc6 9. Nxh5 Nd4 10. Qa4+ b5 11. Qxd4 Nf6 12. Nxf6+ gxf6 13. Bxa8 Qxa8 14.
Nf3 e5 15. Qd3 Qc6 16. e4 Bc5 17. Qd5 Qb6 18. Qa8+ 1-0

[Event "Ste-Foy 4"]
[Site "Quebec CAN"]
[Date "2023.04.17"]
[Round "3"]
[White "Marois, Remi"]
[Black "Couture, François"]
[Result "1-0"]
[WhiteElo "1539"]
[BlackElo "1253"]
[PlyCount "113"]
[EventDate "2023.03.27"]
[EventType "swiss"]
[EventRounds "5"]
[EventCountry "CAN"]

1. e4 e5 2. f4 exf4 3. Nf3 g5 4. d4 d6 5. Nc3 g4 6. Bc4 gxf3 7. Qxf3 Qd7 8.
Bxf4 Nc6 9. O-O-O Qg4 10. Qe3 Be7 11. e5 Qg6 12. Nd5 Kd8 13. Rhf1 Nh6 14. Nxe7
Nxe7 15. Bxh6 Nf5 16. Qg5+ Qxg5+ 17. Bxg5+ Ke8 18. g4 Rg8 19. gxf5 Rxg5 20.
exd6 cxd6 21. Rde1+ Kf8 22. f6 Bd7 23. Re7 Be8 24. Rxb7 Rc8 25. Bb3 a6 26. Ra7
d5 27. Re7 Rd8 28. Re5 Rxe5 29. dxe5 Bc6 30. Rf4 Re8 31. Rf5 Re6 32. Rh5 Kg8
33. c3 Re8 34. Kd2 a5 35. Ke3 Rb8 36. Kd4 Rb5 37. Ba4 Rb6 38. Bxc6 Rxc6 39.
Kxd5 Rb6 40. b3 Rb5+ 41. Kc4 Rb6 42. a3 Rc6+ 43. Kd4 Rc7 44. c4 Rd7+ 45. Kc3
Rd1 46. Rg5+ Kf8 47. Rg4 Re1 48. Rd4 Ke8 49. b4 Re3+ 50. Rd3 Rxe5 51. c5 Re1
52. b5 Rf1 53. c6 Rf5 54. Kc4 Rf4+ 55. Rd4 Rf1 56. Kc5 Rc1+ 57. Kb6 1-0

[Event "Ste-Foy 4"]
[Site "Quebec CAN"]
[Date "2023.04.17"]
[Round "3"]
[White "Pilon, Emile"]
[Black "Gaudreau, Eric"]
[Result "0-1"]
[WhiteElo "1316"]
[BlackElo "1627"]
[PlyCount "122"]
[EventDate "2023.03.27"]
[EventType "swiss"]
[EventRounds "5"]
[EventCountry "CAN"]

1. d4 Nf6 2. Bf4 c5 3. e3 Qb6 4. b3 e6 5. Nf3 cxd4 6. Qxd4 Qxd4 7. Nxd4 a6 8.
Bc4 d6 9. Nf3 b5 10. Bd3 Bb7 11. Nbd2 e5 12. Nxe5 dxe5 13. Bxe5 Nbd7 14. Bd4
Bc5 15. O-O Bxd4 16. exd4 O-O 17. Rae1 Rfe8 18. f3 h6 19. h3 Kf8 20. Ne4 Nxe4
21. fxe4 Nf6 22. Rf4 Nd5 23. Rf5 Nb4 24. Ref1 Re7 25. Be2 Bxe4 26. Bf3 Bxf3 27.
R1xf3 Nxc2 28. R3f4 Rd8 29. d5 Ne3 30. d6 Rxd6 31. Rc5 f6 32. Rc8+ Kf7 33. a3
Rd1+ 34. Kh2 Rd2 35. Kg3 Rxg2+ 36. Kf3 g5 37. Re4 Rxe4 38. Kxe4 Nc2 39. Kf3 Rh2
40. Kg3 Rd2 41. Ra8 Rd6 42. a4 bxa4 43. bxa4 f5 44. Ra7+ Kf6 45. Rc7 Ne3 46.
Kf3 f4 47. h4 Kf5 48. Rf7+ Rf6 49. Rd7 g4+ 50. Kf2 Kg6 51. Kg1 Kh5 52. Kh2 Kxh4
53. a5 g3+ 54. Kg1 Kh3 55. Kh1 f3 56. Rd2 Rc6 57. Rh2+ Kg4 58. Rg2 Rc1+ 59. Rg1
Rxg1+ 60. Kxg1 f2+ 61. Kh1 f1=Q# 0-1

[Event "Ste-Foy 4"]
[Site "Quebec CAN"]
[Date "2023.04.17"]
[Round "3"]
[White "Servant, Michel"]
[Black "Leonard, Thomas"]
[Result "1-0"]
[WhiteElo "1725"]
[BlackElo "1212"]
[PlyCount "69"]
[EventDate "2023.03.27"]
[EventType "swiss"]
[EventRounds "5"]
[EventCountry "CAN"]

1. c4 e5 2. g3 c6 3. Bg2 d5 4. cxd5 cxd5 5. d3 Nc6 6. Nf3 Bb4+ 7. Bd2 Bxd2+ 8.
Nbxd2 f5 9. e4 dxe4 10. dxe4 Nf6 11. Nc4 Qe7 12. Qd6 Nxe4 13. Qxe7+ Kxe7 14.
Nfxe5 Nxe5 15. Nxe5 Re8 16. O-O Be6 17. Rfe1 Kf6 18. Bxe4 fxe4 19. Rxe4 Bf5 20.
Ng4+ Kg5 21. h4+ Kh5 22. Rxe8 Rxe8 23. Ne3 Be6 24. b3 Rd8 25. Rc1 Rd7 26. Rc5+
Kg6 27. f4 Kf6 28. f5 Bf7 29. Ng4+ Ke7 30. Ne3 b6 31. Rc6 Be8 32. Re6+ Kf7 33.
Nc4 Rd1+ 34. Kf2 Ra1 35. Nd6+ 1-0

[Event "Ste-Foy 4"]
[Site "Quebec CAN"]
[Date "2023.04.24"]
[Round "4"]
[White "Bergeron, Nicolas"]
[Black "Potvin, Alain-Nicolas"]
[Result "1/2-1/2"]
[WhiteElo "1190"]
[BlackElo "1716"]
[PlyCount "113"]
[EventDate "2023.03.27"]
[EventType "swiss"]
[EventRounds "5"]
[EventCountry "CAN"]

1. d4 g6 2. Nf3 Bg7 3. c4 d6 4. Nc3 Nf6 5. e4 O-O 6. Be2 Na6 7. O-O e5 8. Be3
c5 9. d5 h6 10. Ne1 Qe7 11. a3 Ne8 12. Nd3 f5 13. f3 f4 14. Bf2 g5 15. b4 b6
16. b5 Nac7 17. a4 Rf6 18. Qd2 Rg6 19. a5 Rb8 20. Kh1 h5 21. Rg1 g4 22. g3 fxg3
23. Rxg3 h4 24. Rg2 Bh6 25. Qe1 g3 26. hxg3 hxg3 27. Bxg3 Be3 28. Bh4 Qh7 29.
Rxg6+ Qxg6 30. Qg3 Qxg3 31. Bxg3 Bd4 32. axb6 axb6 33. Be1 Nf6 34. Ra2 Nce8 35.
Bf1 Rb7 36. Rg2+ Kf8 37. Rh2 Rg7 38. Ne2 Be3 39. Bh3 Bxh3 40. Rxh3 Nh7 41. Rg3
Ra7 42. Kg2 Ra2 43. Kf1 Rc2 44. f4 exf4 45. Nexf4 Bxf4 46. Nxf4 Ng7 47. Bc3
Rc1+ 48. Ke2 Ne8 49. Ne6+ Kf7 50. Rh3 Nhf6 51. Rf3 Rc2+ 52. Ke1 Rc1+ 53. Kd2
Rh1 54. Ke3 Rc1 55. Kd2 Rh1 56. Ke3 Rc1 57. Kd2 1/2-1/2

[Event "Ste-Foy 4"]
[Site "Quebec CAN"]
[Date "2023.04.24"]
[Round "4"]
[White "Berube, Antoine"]
[Black "Belanger, Mathieu-Olivier"]
[Result "1-0"]
[WhiteElo "2175"]
[BlackElo "1993"]
[PlyCount "73"]
[EventDate "2023.03.27"]
[EventType "swiss"]
[EventRounds "5"]
[EventCountry "CAN"]

1. d4 Nf6 2. c4 Nc6 3. Nf3 e6 4. Nc3 Bb4 5. Qc2 Ne7 6. Bd2 Ng6 7. e3 O-O 8. h4
h5 9. Bd3 Qe8 10. O-O-O Ng4 11. Rdf1 Bxc3 12. Bxc3 b5 13. cxb5 Bb7 14. Re1 a6
15. Ng5 axb5 16. f3 Nf6 17. a3 Nd5 18. Nxf7 Nge7 19. Ng5 Nf5 20. e4 Nfe3 21.
Qd2 Nxc3 22. Rxe3 Na4 23. Bxb5 e5 24. Kb1 Nb6 25. Rc1 c6 26. Be2 Qe7 27. Rb3
Na4 28. Rxb7 Rab8 29. Bc4+ Kh8 30. Qb4 c5 31. dxc5 Rxb7 32. Qxb7 Nxc5 33. Qd5
Na4 34. Nf7+ Kh7 35. Qxe5 Qxe5 36. Nxe5 Rb8 37. Nd3 1-0

[Event "Ste-Foy 4"]
[Site "Quebec CAN"]
[Date "2023.04.24"]
[Round "4"]
[White "Couture, François"]
[Black "Soucy, Mathieu"]
[Result "1-0"]
[WhiteElo "1253"]
[BlackElo "1054"]
[PlyCount "73"]
[EventDate "2023.03.27"]
[EventType "swiss"]
[EventRounds "5"]
[EventCountry "CAN"]

1. d4 Nf6 2. c4 g6 3. Nc3 Bg7 4. Nf3 O-O 5. e4 d6 6. Bd3 c5 7. O-O cxd4 8. Nxd4
Nc6 9. Nxc6 bxc6 10. h3 Ne8 11. Bf4 Nc7 12. Rc1 Ne6 13. Be3 Nd4 14. Be2 e5 15.
Qd2 Qb6 16. b3 Be6 17. Bh6 Qa5 18. Bxg7 Nxe2+ 19. Qxe2 Kxg7 20. Rfd1 Rfd8 21.
Qe3 Rd7 22. Rd2 Rf8 23. Rcd1 Qc7 24. Ne2 f5 25. exf5 Rxf5 26. Ng3 Rf8 27. Ne4
d5 28. Nc5 Re7 29. Nxe6+ Rxe6 30. cxd5 Ref6 31. d6 Qa5 32. Qe4 Qc5 33. Rc2 Qb5
34. Qxc6 Qxc6 35. Rxc6 Rxf2 36. Rc7+ Kh6 37. d7 1-0

[Event "Ste-Foy 4"]
[Site "Quebec CAN"]
[Date "2023.04.24"]
[Round "4"]
[White "De Coster, Vincent"]
[Black "Lafontaine, Philippe"]
[Result "1-0"]
[WhiteElo "1020"]
[BlackElo "1116"]
[PlyCount "37"]
[EventDate "2023.03.27"]
[EventType "swiss"]
[EventRounds "5"]
[EventCountry "CAN"]

1. d4 d5 2. Bf4 Nf6 3. e3 c6 4. Nf3 Bf5 5. c3 e6 6. Bd3 Bxd3 7. Qxd3 Bd6 8.
Bxd6 Qxd6 9. O-O Nbd7 10. Nbd2 O-O 11. Ne5 c5 12. Qb5 b6 13. Ndf3 cxd4 14. cxd4
a6 15. Qd3 b5 16. Rac1 Nb6 17. Ng5 Nc8 18. Ng4 h6 19. Nxf6+ 1-0

[Event "Ste-Foy 4"]
[Site "Quebec CAN"]
[Date "2023.04.24"]
[Round "4"]
[White "Gaudreau, Eric"]
[Black "Fleury, Dominic"]
[Result "1-0"]
[WhiteElo "1627"]
[BlackElo "1400"]
[PlyCount "49"]
[EventDate "2023.03.27"]
[EventType "swiss"]
[EventRounds "5"]
[EventCountry "CAN"]

1. d4 Nc6 2. Bf4 d5 3. e3 e6 4. Nf3 Bd6 5. c3 Nge7 6. Bd3 Bxf4 7. exf4 Ng6 8.
g3 O-O 9. Nbd2 Nce7 10. h4 Qd6 11. Ne5 f5 12. Ndf3 b6 13. Nxg6 Nxg6 14. Ng5 c5
15. Qh5 h6 16. Qxg6 Rf6 17. Qh7+ Kf8 18. Qh8+ Ke7 19. Qxg7+ Kd8 20. Qxf6+ Kc7
21. Nf3 c4 22. Be2 Qc6 23. Qxh6 a5 24. Qg7+ Bd7 25. Ne5 1-0

[Event "Ste-Foy 4"]
[Site "Quebec CAN"]
[Date "2023.04.24"]
[Round "4"]
[White "Leonard, Thomas"]
[Black "Laurendeau, Alfred"]
[Result "1-0"]
[WhiteElo "1212"]
[BlackElo "1536"]
[PlyCount "39"]
[EventDate "2023.03.27"]
[EventType "swiss"]
[EventRounds "5"]
[EventCountry "CAN"]

1. e4 d5 2. exd5 Qxd5 3. Nc3 Qd8 4. d4 Nf6 5. Nf3 Bg4 6. Be2 c6 7. Be3 e6 8.
O-O Bd6 9. Bg5 Nbd7 10. Nd2 Bxe2 11. Qxe2 Qc7 12. Nf3 O-O 13. Ne4 Nxe4 14. Qxe4
Rae8 15. c4 c5 16. Rad1 cxd4 17. Qxd4 Ne5 18. Qxd6 Nxf3+ 19. gxf3 Qxc4 20. Be7
1-0

[Event "Ste-Foy 4"]
[Site "Quebec CAN"]
[Date "2023.04.24"]
[Round "4"]
[White "Marois, Remi"]
[Black "Servant, Michel"]
[Result "1/2-1/2"]
[WhiteElo "1539"]
[BlackElo "1725"]
[PlyCount "113"]
[EventDate "2023.03.27"]
[EventType "swiss"]
[EventRounds "5"]
[EventCountry "CAN"]

1. e4 c5 2. Nf3 d6 3. d4 cxd4 4. Nxd4 Nf6 5. Nc3 a6 6. Bc4 e5 7. Nf3 Qc7 8. Bb3
Be7 9. Ng5 O-O 10. Nd5 Nxd5 11. Bxd5 Bxg5 12. Bxg5 h6 13. Be3 Nd7 14. Qd2 Kh7
15. g4 Nf6 16. g5 Nxd5 17. exd5 h5 18. Qd3+ g6 19. O-O-O Bf5 20. Qb3 Rac8 21.
c3 b5 22. Qb4 Rfe8 23. h4 Red8 24. f4 Qc4 25. Qxc4 Rxc4 26. fxe5 dxe5 27. d6 b4
28. Bb6 Rd7 29. Ba5 bxc3 30. Bxc3 Rc6 31. Rhe1 e4 32. Rd4 Rcxd6 33. Rxd6 Rxd6
34. Rd1 Rd3 35. Rxd3 exd3 36. b4 Kg8 37. a4 Kf8 38. Kd2 Ke8 39. Bd4 Kd7 40. Bc3
Kc6 41. Ke3 Kd5 42. Bd2 Kc4 43. a5 Kd5 44. Kf4 Bd7 45. Ke3 Bb5 46. Kf4 Ke6 47.
Ke4 f5+ 48. gxf6 Kxf6 49. Bg5+ Ke6 50. Ke3 Kd5 51. Kd2 Ke4 52. Be7 Kf3 53. Bg5
Ke4 54. Be7 Kd5 55. Bg5 Ke6 56. Bd8 Kf5 57. Be7 1/2-1/2

[Event "Ste-Foy 4"]
[Site "Quebec CAN"]
[Date "2023.04.24"]
[Round "4"]
[White "Mercure, Gilbert"]
[Black "Laflamme, Simon"]
[Result "0-1"]
[WhiteElo "1775"]
[BlackElo "1902"]
[PlyCount "72"]
[EventDate "2023.03.27"]
[EventType "swiss"]
[EventRounds "5"]
[EventCountry "CAN"]

1. e4 e5 2. Nf3 Nf6 3. Nxe5 d6 4. Nf3 Nxe4 5. Nc3 Nf6 6. d4 Be7 7. Be3 O-O 8.
Qd2 Nbd7 9. h3 a6 10. Be2 b5 11. a3 Bb7 12. g4 Nb6 13. Rg1 Re8 14. Nh4 g6 15.
g5 Nfd5 16. Nxd5 Nxd5 17. Nf3 Nxe3 18. fxe3 Bxf3 19. Bxf3 Bxg5 20. Rxg5 Qxg5
21. O-O-O d5 22. Re1 Re7 23. Qf2 Rae8 24. Kd2 c5 25. c3 cxd4 26. cxd4 Rc7 27.
Bd1 Rc4 28. Rg1 Rxd4+ 29. Kc3 Rc4+ 30. Kd2 Qe5 31. Kd3 Qe4+ 32. Kd2 d4 33. Rg3
dxe3+ 34. Rxe3 Rd4+ 35. Kc3 Rc8+ 36. Kb3 Qd5# 0-1

[Event "Ste-Foy 4"]
[Site "Quebec CAN"]
[Date "2023.04.24"]
[Round "4"]
[White "Pepin, Pierre-Luc"]
[Black "Pilon, Emile"]
[Result "1-0"]
[WhiteElo "1251"]
[BlackElo "1316"]
[PlyCount "35"]
[EventDate "2023.03.27"]
[EventType "swiss"]
[EventRounds "5"]
[EventCountry "CAN"]

1. Nf3 d5 2. d4 Nc6 3. Nc3 f6 4. g3 e6 5. Bg2 Bd6 6. O-O e5 7. dxe5 fxe5 8.
Nxd5 Bc5 9. Nc3 Bd6 10. e3 Qf6 11. Ne4 Qe6 12. Nxd6+ cxd6 13. b3 Nge7 14. Ng5
Qg6 15. Ne4 d5 16. Nc3 e4 17. Nxd5 Qh5 18. Qxh5+ 1-0

[Event "Ste-Foy 4"]
[Site "Quebec CAN"]
[Date "2023.04.24"]
[Round "4"]
[White "Picard, Christian"]
[Black "Ben Afia, Achraf"]
[Result "1-0"]
[WhiteElo "1627"]
[BlackElo "1402"]
[PlyCount "81"]
[EventDate "2023.03.27"]
[EventType "swiss"]
[EventRounds "5"]
[EventCountry "CAN"]

1. d4 d5 2. Nf3 e6 3. e3 Nf6 4. Bd3 Nbd7 5. O-O c5 6. b3 b6 7. Bb2 Be7 8. Nbd2
O-O 9. Ne5 cxd4 10. exd4 Re8 11. f4 Bf8 12. Qf3 g6 13. g4 Ne4 14. Nxe4 dxe4 15.
Bxe4 Ba6 16. Bxa8 Bxf1 17. Rxf1 Nxe5 18. fxe5 Qxa8 19. Qxf7+ Kh8 20. Qf3 Qd8
21. Qf6+ Bg7 22. Qxd8 Rxd8 23. Rf7 Bh6 24. Kf2 Rc8 25. c4 Kg8 26. Rf3 Bg5 27.
Ke2 Kg7 28. Kd3 Rc7 29. d5 exd5 30. cxd5 Kg8 31. d6 Rc5 32. Bd4 Rc1 33. Ke4
Re1+ 34. Be3 Rxe3+ 35. Rxe3 Bxe3 36. Kxe3 Kf7 37. Ke4 Ke6 38. g5 a6 39. b4 Kd7
40. Kd5 a5 41. b5 1-0

[Event "Ste-Foy 4"]
[Site "Quebec CAN"]
[Date "2023.04.24"]
[Round "4"]
[White "Warren, Alexandre"]
[Black "Gonthier, Madeleine"]
[Result "1-0"]
[WhiteElo "1365"]
[BlackElo "1208"]
[PlyCount "57"]
[EventDate "2023.03.27"]
[EventType "swiss"]
[EventRounds "5"]
[EventCountry "CAN"]

1. d4 d5 2. Nf3 Nc6 3. e3 Bf5 4. Bb5 a6 5. Bxc6+ bxc6 6. O-O e6 7. c4 Nf6 8.
Nc3 c5 9. Ne5 Bd6 10. Qa4+ Nd7 11. cxd5 Bxe5 12. dxe5 O-O 13. e4 Bg6 14. f4 Nb6
15. Qd1 f5 16. exf6 Qxf6 17. dxe6 Qxe6 18. f5 Bxf5 19. exf5 Rxf5 20. Rxf5 Qxf5
21. Qe2 Nd7 22. Be3 Re8 23. Qc4+ Kh8 24. Rf1 Qe5 25. Bf4 Qe7 26. Bxc7 Qe3+ 27.
Kh1 Nf6 28. Qf4 Qd2 29. Qxd2 1-0